[Event "IECC CL5-2011.06 email"]
[Site "IECC email"]
[Date "2011.03.30"]
[Round "?"]
[White "Kovacs, Mihaly"]
[Black "Jewell, Barry"]
[Result "1/2-1/2"]
[WhiteElo "1484"]
[BlackElo "1487"]
[PlyCount "76"]
[EventDate "2011.??.??"]
[EventType "tourn (corr)"]
[EventRounds "4"]
[SourceTitle "Telechess CBM 145"]
[Source "Chessbase"]
[SourceDate "2011.11.11"]
[SourceVersion "1"]
[SourceVersionDate "2011.11.11"]
[SourceQuality "1"]
[WhiteTeam "Hungary"]
[BlackTeam "Canada"]
[WhiteTeamCountry "HUN"]
[BlackTeamCountry "CAN"]

1. d4 Nf6 2. c4 d6 3. Nf3 g6 4. Nc3 Bg7 5. Bf4 0-0 6. e3 Nbd7 7. h3 c5 8. d5 Nh5 9. Bh2 Nb6 10. Be2 f5 11. 0-0 f4 12. exf4 Nxf4 13. Qc2 Bf5 14. Ne4 e5 15. dxe6 Nxe6 16. g4 Bxe4 17. Qxe4 Qd7 18. Rad1 Nd4 19. Nxd4 Bxd4 20. b3 Rae8 21. Qc2 Qe6 22. Rde1 Qf6 23. Bg3 Nd7 24. Bd1 Rxe1 25. Rxe1 Ne5 26. Rf1 b6 27. Qe2 Qd8 28. Kg2 Qa8+ 29. f3 Re8 30. Qd2 d5 31. Bxe5 Rxe5 32. Re1 dxc4 33. Rxe5 Bxe5 34. bxc4 Qb8 35. Bc2 Bd4 36. Qe2 Qf4 37. Qe6+ Kg7 38. Qe7+ Kg8 1/2-1/2

[Event "IECC CL5-2009.25 email"]
[Site "IECC email"]
[Date "2009.12.28"]
[Round "?"]
[White "Kawagoe, Toshiji"]
[Black "Kovacs, Mihaly"]
[Result "1-0"]
[WhiteElo "1500"]
[BlackElo "1480"]
[PlyCount "57"]
[EventDate "2009.??.??"]
[EventType "tourn (corr)"]
[EventRounds "4"]
[SourceTitle "Telechess CBM 149"]
[Source "ChessBase"]
[SourceDate "2012.07.17"]
[SourceVersion "1"]
[SourceVersionDate "2012.07.17"]
[SourceQuality "1"]
[WhiteTeam "Japan"]
[BlackTeam "Hungary"]
[WhiteTeamCountry "JPN"]
[BlackTeamCountry "HUN"]

1. e4 d5 2. exd5 Nf6 3. Nf3 Nxd5 4. d4 Bg4 5. Be2 e6 6. 0-0 Nc6 7. c4 Nb6 8. Nc3 Be7 9. Be3 0-0 10. b3 Bf6 11. Ne4 e5 12. d5 Bxf3 13. Bxf3 Nd4 14. Nxf6+ Qxf6 15. Be4 Nf5 16. Qf3 Nxe3 17. Qxf6 gxf6 18. fxe3 Nd7 19. Rf3 Kg7 20. Rg3+ Kh8 21. Rh3 Nc5 22. Rxh7+ Kg8 23. Bf5 Rfe8 24. Rf1 Kf8 25. b4 Na6 26. a3 Ke7 27. Be6 Rf8 28. g4 c6 29. g5 1-0

[Event "IECC CL5-2009.25 email"]
[Site "IECC email"]
[Date "2009.12.28"]
[Round "?"]
[White "Urbaniak, Marcin"]
[Black "Kovacs, Mihaly"]
[Result "1-0"]
[WhiteElo "1573"]
[BlackElo "1465"]
[PlyCount "29"]
[EventDate "2009.??.??"]
[EventType "tourn (corr)"]
[EventRounds "4"]
[SourceTitle "Corr 2013"]
[Source "ChessBase"]
[SourceDate "2012.11.12"]
[SourceVersion "1"]
[SourceVersionDate "2012.11.12"]
[SourceQuality "1"]
[WhiteTeam "Italy"]
[BlackTeam "Canada"]
[WhiteTeamCountry "ITA"]
[BlackTeamCountry "CAN"]

1. e4 d5 2. exd5 Nf6 3. Nc3 Nxd5 4. Bc4 Nb6 5. Bb3 Bf5 6. Qf3 e6 7. Qxb7 N8d7 8. Nf3 Nc5 9. Qc6+ Nbd7 10. d4 Nxb3 11. axb3 Bb4 12. Ne5 Ke7 13. 0-0 Nxe5 14. dxe5 Bxc2 15. Na2 1-0